[Event "Lichtenberger Sommer 2017"]
[Site "Berlin"]
[Date "2017.08.23"]
[Round "5.30"]
[White "Schmidt, Jürgen"]
[Black "Vogel, Robert"]
[Result "0-1"]
[WhiteElo "1952"]
[BlackElo "2154"]
[PlyCount "73"]
[EventDate "2017.??.??"]
[WhiteTeam "SC Kreuzberg"]
[BlackTeam "SG Pang-Rosenheim"]

1. e4 c5 2. Nf3 Nc6 3. d4 cxd4 4. Nxd4 Nf6 5. Nc3 d6 6. Bc4 e6 7. Bb3 Be7 8.
O-O O-O 9. Be3 Na5 10. Qe2 a6 11. f3 Qc7 12. Qf2 Nc4 13. Bxc4 Qxc4 14. a4 Bd7
15. Nb3 b5 16. Rfd1 Qc7 17. Bb6 Qb8 18. a5 Qb7 19. Rd2 Rfc8 20. Rad1 Rc4 21.
Rd4 Rac8 22. Rxc4 Rxc4 23. Rd4 Qc8 24. Rxc4 Qxc4 25. Qd4 Qc6 26. Qf2 e5 27. Qd2
Be6 28. g4 h6 29. h4 b4 30. Nd1 d5 31. g5 hxg5 32. hxg5 Nh7 33. g6 Ng5 34.
gxf7+ Bxf7 35. Kg2 dxe4 36. Bd8 exf3+ 37. Kh2 0-1

[Event "Lichtenberger Sommer 2017"]
[Site "Berlin"]
[Date "2017.08.23"]
[Round "5.31"]
[White "Dellert, Lena"]
[Black "Rohde, Wolfgang"]
[Result "0-1"]
[WhiteElo "1851"]
[BlackElo "2125"]
[PlyCount "120"]
[EventDate "2017.??.??"]
[WhiteTeam "SF Wadgassen"]
[BlackTeam "SC Friesen Lichtenberg"]

1. e4 c5 2. Nf3 e6 3. d4 cxd4 4. Nxd4 Nc6 5. Nc3 Qc7 6. Be3 a6 7. Qf3 Bd6 8.
O-O-O Be5 9. Kb1 Nge7 10. g3 b5 11. Nxc6 Nxc6 12. Bf4 O-O 13. h4 Bb7 14. Qe3 d6
15. h5 Rac8 16. Bxe5 Nxe5 17. h6 g6 18. Qd4 f5 19. Qxd6 Qxd6 20. Rxd6 Rfd8 21.
Rxd8+ Rxd8 22. Be2 fxe4 23. Rh4 g5 24. Rh5 Nf7 25. Kc1 Kf8 26. Nd1 Ke7 27. Ne3
Bc8 28. c3 e5 29. Rh1 Be6 30. a3 Nd6 31. Rd1 Rf8 32. Rf1 Rf6 33. Kd2 Rxh6 34.
Bg4 Nc4+ 35. Nxc4 Bxc4 36. Re1 Rh2 37. Ke3 Bd3 38. Be2 Ke6 39. Rd1 h5 40. Bxd3
exd3 41. Rxd3 h4 42. gxh4 Rh3+ 43. f3 gxh4 44. Rd8 Rh2 45. Rh8 Kd5 46. b3 h3
47. Rh4 Rh1 48. Kf2 Rc1 49. c4+ bxc4 50. bxc4+ Rxc4 51. Rxh3 Ra4 52. f4 exf4
53. Rf3 Ke4 54. Rb3 Rc4 55. Rh3 Rc2+ 56. Kf1 Ra2 57. Rb3 Kf5 58. Rc3 Kg4 59.
Rb3 a5 60. Rd3 f3 0-1

[Event "Lichtenberger Sommer 2017"]
[Site "Berlin"]
[Date "2017.08.23"]
[Round "5.32"]
[White "Bui, Bao Anh Le"]
[Black "Guenther, Thomas"]
[Result "1-0"]
[WhiteElo "1775"]
[BlackElo "2061"]
[PlyCount "69"]
[EventDate "2017.??.??"]
[WhiteTeam "SV Mattnetz Berlin"]
[BlackTeam "SV Senat (FV Schach)"]

1. e4 g6 2. d4 Bg7 3. Nc3 d6 4. f4 a6 5. Nf3 Bg4 6. Be2 Nc6 7. Be3 Bxf3 8. Bxf3
e5 9. dxe5 dxe5 10. Qxd8+ Rxd8 11. Nd5 Rd7 12. O-O-O Nge7 13. c4 Nd4 14. Bxd4
exd4 15. e5 c6 16. Nb6 Rd8 17. Rd3 f6 18. e6 O-O 19. Nd7 Rfe8 20. Rxd4 Nf5 21.
Re4 Nd6 22. Rd4 Nf5 23. Re4 Nh4 24. Rd1 Nxf3 25. gxf3 f5 26. Re2 Kh8 27. e7 Rc8
28. Nb6 Rb8 29. c5 Bh6 30. Rd4 Bg7 31. Rd7 Bh6 32. Nc4 Bxf4+ 33. Kc2 Kg7 34.
Nd6 Bxd6 35. cxd6 1-0

[Event "Lichtenberger Sommer 2017"]
[Site "Berlin"]
[Date "2017.08.23"]
[Round "5.33"]
[White "Schliebener, Stephan"]
[Black "Landt, Stefan"]
[Result "1-0"]
[WhiteElo "2126"]
[BlackElo "1913"]
[PlyCount "77"]
[EventDate "2017.??.??"]
[WhiteTeam "BSV 63 Chemie Weißensee"]
[BlackTeam "SV Berolina Mitte"]

1. d4 Nf6 2. c4 e6 3. Nc3 Bb4 4. e3 c5 5. Nf3 d5 6. a3 Ba5 7. Bd2 Bxc3 8. bxc3
Ne4 9. Bd3 Nc6 10. O-O O-O 11. Qc2 f5 12. Rfd1 b6 13. cxd5 exd5 14. c4 Be6 15.
dxc5 Nxc5 16. Be2 Qe7 17. Nd4 Bd7 18. Bf3 Nxd4 19. Bxd5+ Nde6 20. Bxa8 Ba4 21.
Qb2 Bxd1 22. Bd5 Bh5 23. a4 Bf7 24. Bc3 Be8 25. a5 bxa5 26. Rxa5 Bf7 27. h3 Qc7
28. Qa2 a6 29. Ra3 Ng5 30. Bb4 Bxd5 31. cxd5 Qb6 32. Qc4 Nd7 33. Rxa6 Qb7 34.
Bxf8 Kxf8 35. Qc6 Qb1+ 36. Kh2 Nf3+ 37. gxf3 Qf1 38. Qd6+ Ke8 39. Ra8+ 1-0

[Event "Lichtenberger Sommer 2017"]
[Site "Berlin"]
[Date "2017.08.23"]
[Round "5.34"]
[White "Eisheh, Jens-Tarek"]
[Black "Hahlbohm, Matthias"]
[Result "1-0"]
[WhiteElo "1879"]
[BlackElo "2106"]
[PlyCount "123"]
[EventDate "2017.??.??"]
[WhiteTeam "Lübecker SV"]
[BlackTeam "TSG Oberschöneweide"]

1. e4 e6 2. d4 d5 3. Nc3 Nf6 4. Bg5 Be7 5. e5 Nfd7 6. h4 h6 7. Be3 a6 8. Qg4
Kf8 9. Nf3 c5 10. dxc5 Nc6 11. Qf4 Nxc5 12. O-O-O Qa5 13. Nd4 Nxd4 14. Bxd4 b5
15. Rh3 Ke8 16. Kb1 b4 17. Ne2 Bd7 18. Rf3 Rf8 19. Nc1 Rc8 20. Nb3 Qc7 21. Bxc5
Bxc5 22. Bd3 Be7 23. Nd4 Qb6 24. Rg3 g5 25. Qe3 gxh4 26. Rg4 h5 27. Rg7 Bc5 28.
Be2 Qc7 29. Rd2 Qb6 30. Bxh5 Ba4 31. b3 Bb5 32. Qf4 Rc7 33. Qxh4 a5 34. Qg4 Bd7
35. Rg8 Bc8 36. Qg7 Rxg8 37. Qxg8+ Bf8 38. f4 a4 39. f5 a3 40. Qh7 Re7 41. fxe6
Bxe6 42. Qd3 Bg7 43. Nxe6 Qxe6 44. Qb5+ Rd7 45. Qb8+ Rd8 46. Qb5+ Rd7 47. Qxb4
Bxe5 48. Bg4 f5 49. Bh5+ Kd8 50. Qf8+ Kc7 51. Qxa3 Qb6 52. Bf3 Bc3 53. Rxd5
Rxd5 54. Bxd5 Bf6 55. c3 Bxc3 56. Qe7+ Kb8 57. Qf8+ Kc7 58. Qxf5 Qg1+ 59. Kc2
Qc5 60. Qd3 Kb6 61. Qc4 Qa5 62. Qc6+ 1-0

[Event "Lichtenberger Sommer 2017"]
[Site "Berlin"]
[Date "2017.08.23"]
[Round "5.35"]
[White "Neumann, Thomas"]
[Black "Schmidt, David"]
[Result "1-0"]
[WhiteElo "2128"]
[BlackElo "1917"]
[PlyCount "93"]
[EventDate "2017.??.??"]
[WhiteTeam "Borussia Friedrichsfelde"]
[BlackTeam "Empor Potsdam"]

1. d4 Nf6 2. Nf3 e6 3. e3 Be7 4. Bd3 d5 5. O-O O-O 6. Nbd2 c5 7. c3 Nc6 8. dxc5
Bxc5 9. e4 Qb6 10. exd5 exd5 11. Nb3 Bg4 12. Nxc5 Qxc5 13. Bg5 Ne4 14. Be3 Qe7
15. Re1 Rad8 16. h3 Bh5 17. Be2 Qc7 18. Nd4 Bxe2 19. Qxe2 Rfe8 20. Rad1 Nc5 21.
Nb5 Qb8 22. Qc2 Ne6 23. Qf5 a6 24. Nd4 Ncxd4 25. Bxd4 Qc7 26. Qg4 g6 27. Bf6
Rd7 28. Re5 Qd6 29. Qh4 Ng7 30. Qg5 Rxe5 31. Bxe5 Qe7 32. Qxe7 Rxe7 33. Rxd5
Ne6 34. f4 h5 35. Kf2 f5 36. c4 Kf7 37. Rd6 Re8 38. Rd7+ Re7 39. Rxe7+ Kxe7 40.
b4 Kd7 41. b5 axb5 42. cxb5 Nc5 43. Ke3 Ne4 44. Kd4 g5 45. fxg5 Nxg5 46. Bf4
Ne6+ 47. Ke5 1-0

[Event "Lichtenberger Sommer 2017"]
[Site "Berlin"]
[Date "2017.08.23"]
[Round "5.36"]
[White "Thomas, Tobias"]
[Black "Plaza Reino, Agustin"]
[Result "1-0"]
[WhiteElo "1877"]
[BlackElo "1963"]
[PlyCount "65"]
[EventDate "2017.??.??"]
[WhiteTeam "SK Langen"]
[BlackTeam "Enniscorthy Chess Club"]

1. e4 c5 2. Nc3 e6 3. f4 Nc6 4. Nf3 d6 5. Bc4 Nf6 6. d3 d5 7. exd5 exd5 8. Bb3
Be7 9. O-O O-O 10. Ne2 b5 11. c3 d4 12. Ng3 Qb6 13. Kh1 Bb7 14. Nf5 Rfe8 15.
Qe1 Bf8 16. Qg3 g6 17. Qg5 Na5 18. Bc2 Qe6 19. Ng3 dxc3 20. bxc3 Nd5 21. Bd2
Bg7 22. Ne4 h6 23. Qg3 Qb6 24. f5 Rad8 25. fxg6 f5 26. Nf2 Nxc3 27. Rae1 Ne2
28. Qh3 b4 29. Qxf5 Bxf3 30. Qxf3 Qe6 31. Bd1 Qxa2 32. Rxe2 Nb3 33. Qf7+ 1-0

[Event "Lichtenberger Sommer 2017"]
[Site "Berlin"]
[Date "2017.08.23"]
[Round "5.37"]
[White "Korell, Klaus-Peter"]
[Black "Poseck, Steffen"]
[Result "0-1"]
[WhiteElo "1852"]
[BlackElo "2026"]
[PlyCount "106"]
[EventDate "2017.??.??"]
[WhiteTeam "SG TT/Wiheil"]
[BlackTeam "BSV 63 Chemie Weißensee"]

1. d4 Nf6 2. c4 g6 3. Nc3 d5 4. Nf3 Bg7 5. Qb3 dxc4 6. Qxc4 O-O 7. e4 Nfd7 8.
Be3 Nb6 9. Qd3 Bg4 10. Be2 Nc6 11. Rd1 f5 12. exf5 gxf5 13. Ng5 Bxe2 14. Nxe2
Qd5 15. Nf4 Qc4 16. Qxc4+ Nxc4 17. b3 Nxe3 18. fxe3 Bh6 19. Nge6 Rfc8 20. Nd5
Kf7 21. Ndf4 Nb4 22. Rd2 c6 23. Rf1 Nd5 24. Ke2 Nc3+ 25. Kf3 Ne4 26. Rc2 Bxf4
27. Nxf4 e6 28. Ne2 Rg8 29. g3 Ke7 30. Nc3 Nf6 31. Ne2 Nd5 32. a3 h5 33. Nf4
Nxf4 34. gxf4 Rg4 35. Rg2 Rag8 36. Rxg4 hxg4+ 37. Ke2 Rh8 38. Rf2 Kd6 39. Kd3
Kd5 40. Rc2 Rh3 41. Rc5+ Kd6 42. Rc2 a5 43. b4 a4 44. Re2 Kd5 45. Rc2 b6 46.
Re2 Rf3 47. Rb2 Rf1 48. b5 Ra1 49. bxc6 Rxa3+ 50. Kd2 Kxc6 51. Rc2+ Kd5 52. Rb2
Rb3 53. Ra2 a3 0-1

[Event "Lichtenberger Sommer 2017"]
[Site "Berlin"]
[Date "2017.08.23"]
[Round "5.38"]
[White "Seitz, Patrick"]
[Black "Kurzweil, Thomas"]
[Result "1-0"]
[WhiteElo "1956"]
[BlackElo "1918"]
[PlyCount "59"]
[EventDate "2017.??.??"]
[WhiteTeam "SR Heuberg-Gosheim"]
[BlackTeam "Spgem Kötz/Ichenhausen"]

1. e4 g6 2. d4 Bg7 3. Nf3 d6 4. Bc4 e6 5. Nc3 Ne7 6. Bb3 O-O 7. O-O Nd7 8. Be3
e5 9. Qd2 exd4 10. Nxd4 Nc5 11. Bc4 Ne6 12. Nb3 b6 13. f4 Nc5 14. Bd4 Bxd4+ 15.
Nxd4 Bb7 16. Rae1 d5 17. exd5 Nxd5 18. Bxd5 Bxd5 19. f5 Bc4 20. Rf3 Re8 21.
Rfe3 Rxe3 22. Qxe3 Qf6 23. fxg6 hxg6 24. b3 Ne6 25. Nc6 Ba6 26. Nd5 Qg7 27. Qf2
Qf8 28. Nce7+ Kg7 29. Qf6+ Kh7 30. Re3 1-0

[Event "Lichtenberger Sommer 2017"]
[Site "Berlin"]
[Date "2017.08.23"]
[Round "5.39"]
[White "Oelmann, Henry"]
[Black "Rehmsmeier, Marc"]
[Result "1-0"]
[WhiteElo "1992"]
[BlackElo "1698"]
[PlyCount "51"]
[EventDate "2017.??.??"]
[WhiteTeam "SC Oranienburg"]
[BlackTeam "vereinslos"]

1. Nf3 d5 2. d4 Nf6 3. c4 e6 4. Nc3 Be7 5. e3 O-O 6. b3 Bb4 7. Bb2 Ne4 8. Qc2
b6 9. Bd3 Bxc3+ 10. Bxc3 Nxc3 11. Qxc3 Nd7 12. cxd5 exd5 13. Qc6 Qf6 14. Qxa8
Nc5 15. Bxh7+ Kxh7 16. O-O Nb7 17. Ne5 Qd6 18. Rac1 Na5 19. Qb8 f6 20. Nf7 Rxf7
21. Qxc8 Rd7 22. f4 c6 23. Rf3 Rb7 24. Rh3+ Kg6 25. Qe8+ Kf5 26. g4+ 1-0

[Event "Lichtenberger Sommer 2017"]
[Site "Berlin"]
[Date "2017.08.23"]
[Round "5.40"]
[White "Baumgaertner, Andre"]
[Black "Püschel, Werner"]
[Result "0-1"]
[WhiteElo "1652"]
[BlackElo "1998"]
[PlyCount "126"]
[EventDate "2017.??.??"]
[WhiteTeam "SC Friesen Lichtenberg"]
[BlackTeam "Lasker Steglitz-Wilmersdorf"]

1. d4 c5 2. e3 e6 3. Nf3 Nf6 4. c4 b6 5. g3 Bb7 6. Bg2 Qc8 7. O-O Be7 8. b3 O-O
9. Bb2 d6 10. Nbd2 Nc6 11. a3 Qc7 12. Qc2 Rad8 13. Rfd1 Qc8 14. Rac1 Qa8 15. e4
cxd4 16. Nxd4 Nxd4 17. Bxd4 Nd7 18. f3 e5 19. Be3 Rfe8 20. Nb1 Nf8 21. Nc3 Ne6
22. Bh3 Ng5 23. Bg2 Ne6 24. h4 h6 25. Nd5 Bf8 26. Bh3 Qb8 27. Qf2 Nc7 28. a4
Na6 29. g4 Bxd5 30. cxd5 Rc8 31. g5 Rxc1 32. Rxc1 hxg5 33. hxg5 Nc5 34. Bxc5
bxc5 35. g6 Qxb3 36. Rf1 Be7 37. gxf7+ Kxf7 38. Be6+ Kf8 39. f4 Bf6 40. fxe5
dxe5 41. Qxc5+ Re7 42. Qf2 Qb6 43. Rc1 Rb7 44. Qxb6 axb6 45. d6 Bd8 46. Rf1+
Ke8 47. Rf5 g6 48. Rxe5 Bf6 49. Rd5 Ra7 50. e5 Bg5 51. Rd3 Rxa4 52. Rh3 Bh4 53.
Rc3 Re4 54. d7+ Ke7 55. Bh3 Rxe5 56. Rb3 b5 57. Kg2 Bf6 58. Kf3 Rd5 59. Ke4
Rd4+ 60. Ke3 b4 61. Ke2 Kd8 62. Ke3 Rh4 63. Be6 Bd4+ 0-1

[Event "Lichtenberger Sommer 2017"]
[Site "Berlin"]
[Date "2017.08.23"]
[Round "5.41"]
[White "Shapiro, Yosip"]
[Black "Bartoszewski-Reiski, Olaf"]
[Result "0-1"]
[WhiteElo "2098"]
[BlackElo "1740"]
[PlyCount "96"]
[EventDate "2017.??.??"]
[WhiteTeam "SV Berolina Mitte"]
[BlackTeam "Korona Gdansk"]

1. d4 Nf6 2. c4 g6 3. Nc3 Bg7 4. e4 d6 5. Be2 O-O 6. h4 e5 7. d5 h5 8. Bg5 c6
9. Qd2 cxd5 10. Nxd5 Nc6 11. Nxf6+ Bxf6 12. O-O-O Bxg5 13. hxg5 Nd4 14. Nf3
Nxe2+ 15. Qxe2 Qc7 16. Kb1 Be6 17. Rc1 Rac8 18. Nd2 Qe7 19. Rc3 Kg7 20. Qe3 f5
21. gxf6+ Qxf6 22. Nf3 b6 23. b3 Qf4 24. Rd1 Qxe3 25. Rxe3 Rc6 26. Red3 Bg4 27.
Rxd6 Rxd6 28. Rxd6 Bxf3 29. gxf3 Rxf3 30. b4 Rc3 31. c5 bxc5 32. b5 Rc4 33. a3
Ra4 34. Ka2 Ra5 35. Rd5 Rxb5 36. Rxe5 Kf6 37. Rd5 h4 38. f4 Rb6 39. Rxc5 Re6
40. Rc4 h3 41. e5+ Kf5 42. Rc7 Kxf4 43. Rf7+ Kg3 44. Rf6 Rxf6 45. exf6 h2 46.
f7 h1=Q 47. f8=Q Qg2+ 48. Ka1 Qg1+ 0-1

[Event "Lichtenberger Sommer 2017"]
[Site "Berlin"]
[Date "2017.08.23"]
[Round "5.42"]
[White "Pluska, Alexander"]
[Black "Seefeld, Marc"]
[Result "1-0"]
[WhiteElo "2205"]
[BlackElo "1924"]
[PlyCount "77"]
[EventDate "2017.??.??"]
[WhiteTeam "SK Doppelbauer Kiel"]
[BlackTeam "Läufer Reinickendorf"]

1. e4 c5 2. Nf3 d6 3. d4 cxd4 4. Nxd4 Nf6 5. Nc3 a6 6. Bg5 e5 7. Nf5 Bxf5 8.
exf5 Be7 9. Bxf6 Bxf6 10. g3 Nc6 11. Bg2 O-O 12. O-O Qd7 13. Be4 Ne7 14. Qf3
Rab8 15. a4 g6 16. fxg6 fxg6 17. Qd3 Rbd8 18. Rad1 Bg7 19. Bd5+ Kh8 20. Ne4 Bh6
21. a5 Nf5 22. c3 Rc8 23. Ra1 g5 24. Ra3 g4 25. Rb3 Rc7 26. Rb6 Qe7 27. Qe2 Qg7
28. Nxd6 Rd7 29. Nxf5 Rxf5 30. Qe4 Rf8 31. Re1 Re7 32. Re2 Rb8 33. Be6 Rbe8 34.
Bxg4 Qg5 35. Bf3 Rd8 36. Rxb7 Rxb7 37. Qxb7 Qc1+ 38. Kg2 Rd1 39. Qb8+ 1-0

[Event "Lichtenberger Sommer 2017"]
[Site "Berlin"]
[Date "2017.08.23"]
[Round "5.43"]
[White "Milare, Tyron"]
[Black "Simon, Ralf-Axel"]
[Result "0-1"]
[WhiteElo "1730"]
[BlackElo "2184"]
[PlyCount "78"]
[EventDate "2017.??.??"]
[WhiteTeam "Potsdamer SV"]
[BlackTeam "TSG Neuruppin"]

1. d4 d5 2. Nf3 Nf6 3. c4 e6 4. Bg5 h6 5. Bxf6 Qxf6 6. Nc3 c6 7. e3 g6 8. Bd3
Bg7 9. e4 dxe4 10. Nxe4 Qd8 11. Bc2 O-O 12. O-O Qb6 13. c5 Qc7 14. Nd6 Nd7 15.
Re1 b6 16. b4 a5 17. Bb3 axb4 18. Nxf7 Rxf7 19. Bxe6 Nf8 20. cxb6 Qxb6 21.
Bxf7+ Kxf7 22. Ne5+ Bxe5 23. Rxe5 Be6 24. Qf3+ Kg7 25. Rae1 Qxd4 26. R5e4 Qd6
27. Qe3 Rxa2 28. Rd4 Qe7 29. Rb1 c5 30. Re4 Ra6 31. Re5 Rc6 32. Qe4 Qf6 33. f4
Rc7 34. Qe3 b3 35. g4 c4 36. f5 gxf5 37. gxf5 Bxf5 38. Kh1 Bxb1 39. Qg3+ Bg6
0-1

[Event "Lichtenberger Sommer 2017"]
[Site "Berlin"]
[Date "2017.08.23"]
[Round "5.44"]
[White "Syre, Christian"]
[Black "Hajou, Mohamad"]
[Result "1-0"]
[WhiteElo "2208"]
[BlackElo "1789"]
[PlyCount "81"]
[EventDate "2017.??.??"]
[WhiteTeam "TSG Oberschöneweide"]
[BlackTeam "SC Kreuzberg"]

1. d4 Nf6 2. Nf3 e6 3. Bg5 c5 4. e3 Be7 5. Nbd2 b6 6. Bd3 Ba6 7. c4 O-O 8. O-O
Nc6 9. Rc1 d5 10. Ne5 Nxe5 11. dxe5 Nd7 12. Bxe7 Qxe7 13. f4 Rfd8 14. Qc2 h6
15. Rcd1 Bb7 16. Nf3 a6 17. b3 Rac8 18. Qe2 d4 19. Bc2 dxe3 20. Qxe3 Nf8 21. f5
exf5 22. Bxf5 Rxd1 23. Rxd1 Rd8 24. Rxd8 Qxd8 25. Be4 Qd1+ 26. Kf2 Bxe4 27.
Qxe4 Qd8 28. Qb7 a5 29. a4 Nd7 30. Qd5 Qe7 31. h4 g5 32. hxg5 hxg5 33. g4 Kg7
34. Kg3 Kg8 35. Kh3 Kg7 36. Kh2 Kg6 37. e6 fxe6 38. Qxd7 Qf6 39. Qd3+ Kf7 40.
Qe3 Kg6 41. Kg3 1-0

[Event "Lichtenberger Sommer 2017"]
[Site "Berlin"]
[Date "2017.08.23"]
[Round "5.45"]
[White "Stark, Ingo"]
[Black "Große-Honebrink, Brigitte"]
[Result "1-0"]
[WhiteElo "2161"]
[BlackElo "1886"]
[PlyCount "87"]
[EventDate "2017.??.??"]
[WhiteTeam "TSG Oberschöneweide"]
[BlackTeam "SC Kreuzberg"]

1. e4 e6 2. d4 d5 3. Nc3 Nf6 4. Bg5 Bb4 5. e5 h6 6. Bd2 Bxc3 7. bxc3 Ne4 8. Qg4
Kf8 9. Bc1 c5 10. Bd3 Nxc3 11. dxc5 Qa5 12. Bd2 Qa4 13. h3 Qxg4 14. hxg4 Ne4
15. g5 h5 16. g4 g6 17. gxh5 Rxh5 18. Rxh5 gxh5 19. g6 Nxc5 20. Bh6+ Kg8 21.
gxf7+ Kxf7 22. Be2 Kg6 23. Be3 b6 24. Nf3 Nc6 25. O-O-O Kf7 26. Rh1 Ne7 27.
Ng5+ Ke8 28. Rxh5 Nf5 29. Bxc5 bxc5 30. Bb5+ Kf8 31. Bc6 Rb8 32. Rh8+ Kg7 33.
Rh7+ Kg8 34. Rxa7 Nd4 35. Be8 Ne2+ 36. Kd2 Nf4 37. Ke3 Ng2+ 38. Kf3 Ne1+ 39.
Kg4 Nxc2 40. Rc7 c4 41. Nh7 Rb7 42. Nf6+ Kf8 43. Rxc8 Rg7+ 44. Bg6+ 1-0

[Event "Lichtenberger Sommer 2017"]
[Site "Berlin"]
[Date "2017.08.23"]
[Round "5.46"]
[White "Döring, Martin"]
[Black "Sabrowski, Uwe"]
[Result "0-1"]
[WhiteElo "1758"]
[BlackElo "2122"]
[PlyCount "126"]
[EventDate "2017.??.??"]
[WhiteTeam "SC Weisse Dame (Berlin)"]
[BlackTeam "SC Friesen Lichtenberg"]

1. e4 c5 2. Nc3 e6 3. g3 d5 4. Bg2 d4 5. Nce2 Nc6 6. d3 Bd6 7. Nh3 e5 8. Bg5
Qc7 9. Bd2 Nge7 10. O-O Ng6 11. Qc1 O-O 12. f4 Bg4 13. f5 Bxe2 14. Re1 Bh5 15.
Nf2 Nf4 16. gxf4 exf4 17. e5 Nxe5 18. Ne4 Nf3+ 19. Bxf3 Bxf3 20. Nxd6 Qxd6 21.
Bxf4 Qf6 22. Rf1 Bc6 23. Bg3 Qd8 24. Rf4 Qd5 25. Qf1 f6 26. c3 dxc3 27. bxc3
Rae8 28. c4 Qd7 29. Rd1 Qf7 30. d4 cxd4 31. Rfxd4 Rc8 32. Qh3 Ba4 33. Rc1 Qe7
34. Bd6 Qd7 35. c5 Rfe8 36. Qg4 Bc6 37. h4 Qf7 38. a4 Re3 39. Rf1 Rce8 40. Bg3
Qb3 41. Kh2 Qc2+ 42. Rf2 Qc1 43. Qd1 Qxc5 44. Rfd2 Qxf5 45. Rd8 Qf3 46. Qxf3
Bxf3 47. R8d6 Re2+ 48. Rxe2 Rxe2+ 49. Kh3 Bg2+ 50. Kg4 Bc6 51. a5 a6 52. Rd8+
Re8 53. Rd2 Kf7 54. h5 Re4+ 55. Kh3 Rc4 56. Rd3 Rc5 57. h6 Rh5+ 58. Kg4 Rxh6
59. Be1 Rg6+ 60. Kf4 Rg5 61. Rd8 Re5 62. Bc3 g5+ 63. Kg4 Re4+ 0-1

[Event "Lichtenberger Sommer 2017"]
[Site "Berlin"]
[Date "2017.08.23"]
[Round "5.47"]
[White "Silz, Elisa"]
[Black "Bergmann, Jens"]
[Result "0-1"]
[WhiteElo "2023"]
[BlackElo "1878"]
[PlyCount "84"]
[EventDate "2017.??.??"]
[WhiteTeam "SV Empor Berlin"]
[BlackTeam "SK Tempelhof 1931"]

1. d4 Nf6 2. Nf3 d5 3. c4 c6 4. e3 e6 5. Nc3 Bb4 6. Nd2 O-O 7. Bd3 e5 8. dxe5
Ng4 9. Qc2 Qh4 10. Nf3 Bxc3+ 11. bxc3 Qh5 12. Ba3 Re8 13. Bd6 dxc4 14. Bxc4 Nd7
15. e6 fxe6 16. h3 Ngf6 17. O-O b5 18. Bb3 c5 19. a4 c4 20. Ba2 Bb7 21. Nd4 Qd5
22. f3 Qxd6 23. Nxb5 Qc5 24. Rfe1 a6 25. Nd4 e5 26. Nf5 e4 27. Nd4 exf3 28.
gxf3 Rac8 29. Rab1 Ba8 30. Rb4 Qg5+ 31. Qg2 Qxg2+ 32. Kxg2 Ne5 33. Rb6 Nd5 34.
Rxa6 Nxc3 35. Bb1 Nxb1 36. Rxb1 Rc7 37. Kg3 c3 38. Rc1 Nd3 39. Rc2 Nb4 40. Re6
Rxe6 41. Nxe6 Nxc2 42. Nxc7 Nxe3 0-1

[Event "Lichtenberger Sommer 2017"]
[Site "Berlin"]
[Date "2017.08.23"]
[Round "5.48"]
[White "Gebert-Vangeel, Ralf"]
[Black "Ros Alonso, Joana"]
[Result "0-1"]
[WhiteElo "2060"]
[BlackElo "1820"]
[PlyCount "100"]
[EventDate "2017.??.??"]
[WhiteTeam "TSV Mariendorf"]
[BlackTeam "Sant Boi de Llobregat"]

1. e4 e6 2. d4 d5 3. Nc3 Bb4 4. e5 Ne7 5. a3 Bxc3+ 6. bxc3 c5 7. f4 Qc7 8. Nf3
b6 9. Be2 Ba6 10. O-O Bxe2 11. Qxe2 c4 12. a4 Nbc6 13. Ba3 Kd7 14. Ng5 Raf8 15.
f5 h6 16. fxe6+ fxe6 17. Nf7 Rhg8 18. Qg4 Nd8 19. Nd6 Rxf1+ 20. Rxf1 Qc6 21.
Ra1 Qxa4 22. Qd1 a5 23. Qb1 Qc6 24. Bc5 bxc5 25. Rxa5 Nc8 26. Rxc5 Qb6 27. Nb5
Nc6 28. Qe1 N8e7 29. Nd6 Nc8 30. Rb5 Qa6 31. Rb7+ Kd8 32. Qh4+ g5 33. Qxh6 Nxd6
34. Qf6+ Kc8 35. Rb1 Nd8 36. exd6 Qxd6 37. Rb5 g4 38. Rc5+ Kb7 39. Qf1 Qb6 40.
Qf4 Qb1+ 41. Kf2 Qxc2+ 42. Kg1 Qb1+ 43. Kf2 Qf5 44. Qxf5 exf5 45. Rxd5 Ne6 46.
Rxf5 Ra8 47. d5 Nc5 48. Ke3 Re8+ 49. Kd4 Kb6 50. Rf6+ Kb5 0-1

[Event "Lichtenberger Sommer 2017"]
[Site "Berlin"]
[Date "2017.08.23"]
[Round "5.49"]
[White "Jaeger, Andre"]
[Black "Lieder, Günter"]
[Result "1-0"]
[WhiteElo "1994"]
[BlackElo "1840"]
[PlyCount "61"]
[EventDate "2017.??.??"]
[WhiteTeam "SC Rochade (Berlin)"]
[BlackTeam "SK Turm Bad Hersfeld"]

1. d4 d5 2. c4 e6 3. Nc3 Nf6 4. cxd5 exd5 5. Bg5 Be7 6. e3 O-O 7. Bd3 c6 8. Qc2
h6 9. Bh4 a5 10. Nge2 Na6 11. a3 b5 12. O-O Re8 13. f3 Bb7 14. e4 b4 15. Na4
Nd7 16. Bxe7 Qxe7 17. e5 c5 18. Bb5 Rab8 19. Bxd7 Qxd7 20. Nxc5 Qc7 21. axb4
Nxb4 22. Qa4 Nc6 23. Rfc1 Nxe5 24. dxe5 Qxe5 25. Nd4 Ba8 26. Re1 Qxe1+ 27. Rxe1
Rxe1+ 28. Kf2 Rc1 29. Nd3 Rc4 30. Qxa5 Rxd4 31. Qa7 1-0

[Event "Lichtenberger Sommer 2017"]
[Site "Berlin"]
[Date "2017.08.23"]
[Round "5.50"]
[White "Deutschbein, Christopher"]
[Black "Kretzschmar, Jan"]
[Result "1/2-1/2"]
[WhiteElo "2019"]
[BlackElo "1819"]
[PlyCount "101"]
[EventDate "2017.??.??"]
[WhiteTeam "Eckernförder SC"]
[BlackTeam "SC Kreuzberg"]

1. d4 Nf6 2. Nf3 e6 3. g3 c5 4. c3 Nc6 5. Bg2 Be7 6. O-O O-O 7. Nbd2 cxd4 8.
cxd4 d5 9. Nb3 b6 10. Ne5 Bb7 11. Bd2 Rc8 12. Rc1 a5 13. Nxc6 Rxc6 14. Rxc6
Bxc6 15. Qc2 Qa8 16. Rc1 Rc8 17. Bg5 Bb7 18. Qd1 h6 19. Bf4 Ne8 20. Rxc8 Qxc8
21. Qc1 a4 22. Qxc8 Bxc8 23. Nc1 Ba6 24. Bf1 Bd6 25. e3 Bxf1 26. Bxd6 Ba6 27.
Bb8 Nf6 28. f3 Kf8 29. Kf2 Ke7 30. Bc7 Nd7 31. Ne2 Bc4 32. Nc3 b5 33. b3 axb3
34. axb3 Bxb3 35. Nxb5 Nf6 36. Nc3 Bc4 37. Be5 Ne8 38. e4 f6 39. Bf4 g5 40. Bc1
Kf7 41. Ke3 Nd6 42. Ba3 Nb5 43. Nxb5 Bxb5 44. Bd6 Bc4 45. f4 g4 46. f5 exf5 47.
exf5 Bb3 48. Kf4 h5 49. Bb4 Bd1 50. Be1 Be2 51. Bb4 1/2-1/2

[Event "Lichtenberger Sommer 2017"]
[Site "Berlin"]
[Date "2017.08.23"]
[Round "5.51"]
[White "Zesewitz, Martin"]
[Black "Jecht, Christian"]
[Result "1/2-1/2"]
[WhiteElo "1875"]
[BlackElo "1903"]
[PlyCount "73"]
[EventDate "2017.??.??"]
[WhiteTeam "SF Friedrichshagen"]
[BlackTeam "SC Bavaria Regensb."]

1. f4 d5 2. Nf3 Nf6 3. e3 c5 4. b3 g6 5. Bb2 Bg7 6. c4 O-O 7. cxd5 Nxd5 8. Bxg7
Kxg7 9. Qc2 Qd6 10. Nc3 Nb4 11. Qb2 f6 12. Nb5 Qd8 13. a3 Nd5 14. Rc1 a6 15.
Nc3 b6 16. Nxd5 Qxd5 17. Bc4 Qd6 18. d4 b5 19. Be2 Nd7 20. dxc5 Nxc5 21. b4
Nd3+ 22. Bxd3 Qxd3 23. Rc3 Qd6 24. Qd2 Rd8 25. Qxd6 Rxd6 26. Rc7 Rd7 27. Rxd7
Bxd7 28. Nd4 Rc8 29. Kd2 e5 30. Nb3 exf4 31. exf4 Bf5 32. Nc5 Rd8+ 33. Ke3 Rd6
34. Re1 Kf7 35. Kf3 h5 36. h3 h4 37. Re3 1/2-1/2

[Event "Lichtenberger Sommer 2017"]
[Site "Berlin"]
[Date "2017.08.23"]
[Round "5.52"]
[White "Fuchs, Dominik"]
[Black "Bender, Sebastian"]
[Result "1/2-1/2"]
[WhiteElo "1865"]
[BlackElo "1876"]
[PlyCount "92"]
[EventDate "2017.??.??"]
[WhiteTeam "SC Zitadelle Spandau"]
[BlackTeam "SC Zugzwang 95 (Berlin)"]

1. e4 c5 2. c3 d5 3. exd5 Qxd5 4. d4 g6 5. Nf3 Bg7 6. dxc5 Qxc5 7. Be3 Qc7 8.
Nd4 a6 9. Nd2 Nf6 10. Be2 O-O 11. O-O e5 12. N4b3 Nc6 13. a4 b6 14. Nc4 Rb8 15.
a5 bxa5 16. Bc5 Rd8 17. Bd6 Qa7 18. Bxb8 Qxb8 19. Qc2 Bf5 20. Qc1 Qxb3 21. Nxa5
Nxa5 22. Rxa5 Qc2 23. Qxc2 Bxc2 24. Bxa6 Bb3 25. c4 Ne4 26. f3 Nd2 27. Rc1 e4
28. Kf2 Bxb2 29. Re1 Bd4+ 30. Kg3 Nxc4 31. Bxc4 Bxc4 32. Rxe4 Bb6 33. Ra4 Be6
34. Re2 Rd5 35. h4 h5 36. Rb4 Bc7+ 37. Kf2 Rd1 38. Rb7 Bd6 39. Rbb2 Bc5+ 40.
Kg3 Kg7 41. Rbd2 Rf1 42. Re4 Bb6 43. f4 Ba5 44. Rb2 Be1+ 45. Kh2 Bxh4 46. f5
Bxf5 1/2-1/2